| 000 | 00757cam a2200265 4500500 | ||
|---|---|---|---|
| 005 | 20260329001236.0 | ||
| 041 | _afre | ||
| 042 | _adc | ||
| 100 | 1 | 0 |
_aMoreau, Anne-Sophie _eauthor |
| 245 | 0 | 0 | _aPour un management de l’écoute |
| 260 | _c2023. | ||
| 500 | _a70 | ||
| 690 | _aCommunication | ||
| 690 | _aCoopération | ||
| 690 | _aEntreprise | ||
| 690 | _aEnvironnement de travail | ||
| 690 | _aIntelligence collective | ||
| 690 | _aIntelligence émotionnelle | ||
| 690 | _aLeadership | ||
| 690 | _aManagement | ||
| 690 | _aSoft skills | ||
| 690 | _aTélétravail | ||
| 786 | 0 | _nPhilonomist | - | 1 | 2023-01-06 | p. 24-32 | |
| 856 | 4 | 1 | _uhttps://shs.cairn.info/magazine-philonomist-2023-1-page-24?lang=fr&redirect-ssocas=7080 |
| 999 |
_c1803425 _d1803425 |
||